000 00670nam a2200277Ia 4500
005 20260324122833.0
008 008 260324s9999 xx 000 0 eng d
020 _a9780429476112
037 _aEBOOK
040 _aCRL
040 _beng
040 _cCRL
041 _2eng
041 _aeng
084 _qCRL
100 _aAntonio Perez-Sanchez
_91168006
245 0 _aInterview and Indicators in Psychoanalysis and Psychotherapy
260 _bTaylor and Francis
260 _c2012
365 _a
365 _b195
856 _uhttp://www.taylorfrancis.com/books/9780429476112
942 _cEBOOK
999 _c1761041
_d1761041